000 00683cab a22001935a 4500
001 L152671
008 110412e20110407xxk 000 0 eng d
035 _a(Sirsi) u152671
041 0 _aeng
100 1 _aEvans, Rebecca
245 0 0 _aBribery Act guidance softens stance on facilitation payments
260 _c2011
490 _aConstruction News
_v(7212) 7 April 2011, 15(1)
520 _aThe Ministry of Justice's guidance to the Bribery Act suggests a softer approach to facilitation payments and corporate hospitality than previously mooted.
590 _aKA
651 4 _aUnited Kingdom
_y
690 _aMANAGEMENT-BUSINESS MANAGEMENT-PROFESSIONAL PRACTICE
942 _n0
999 _c83052
_d83052